01516nam a22003491ib450000500170000000800410001702000380005804000250009608200140012110000310013524502820016624600330044824600400048126400490052126400110057030000660058133600340064733700250068133800230070649000170072949000160074650001240076265000640088665000430095070000250099370000300101870000310104870000270107970000270110683000170113383000160115020200517130308.0200517t20142015nyua j 6 000 1 eng d a9780785193722cRM 58.17qhardback aPPAKbengcPPAKerda04223a741.51 aHickman, Jonathaneauthor.10aAVENGERS :bTIME RUNS OUT /cWRITER: JONATHAN HICKMAN ; NEW AVENGERS #26 ARTIST: KEV WALKER ; AVENGERS #38 ARTIST: STEFANO CASELLI ; NEW AVENGERS #27 ARTIST: SZYMON KUDRANSKI ; AVENGERS #39 ARTIST: MIKE DEODATO ; NEW AVENGERS #28 ARTIST: MIKE DEODARO & MIKE PERKINSnVOLUME TWO08aAVENGERS :bTIME RUNS OUTn203aAVENGERS :bTIME RUNS OUTnVOLUME 2 1aNew York, NY:bMARVEL WORLDWIDE, INC.,c2015 4c©2014 a1 volume (unpaged) : bchiefly color illustrations ; c27 cm. 2rdacontentatextastill image 2rdamediaaunmediated 2rdacarrieravolume1 aAvengers,v21 aMarvel now! a"Contains material originally published in magazine form as Avengers #38-39 and New Avengers #26-28"--Title page verso.10aAvengers (Fictitious characters)vComic books, strips, etc.20aSuperheroesvComic books, strips, etc.1 aWalker, Keveartist.1 aCaselli, Stefanoeartist.1 aKudranski, Szymoneartist.1 aDeodato, Mikeeartist.1 aPerkins, Mikeeartist. 0aAvengers,n2 0aMarvel now!